000 00410nam a2200157Ia 4500
008 210716s2017 xx 000 0 und d
020 _a9789350239209
041 _aeng
082 _a005.132 ADLJ
100 _aAdler, Joseph.
245 _aR: in a nutshell.
_bIn a nutshell.
250 _a2
260 _aBangalore
_bShroff Publishers and Distributors Pvt Ltd
_c2017
300 _axix,699
650 _aNone
999 _c196108
_d196108